[Event "Titled Tuesday intern op 19th Dec Early"]
[Site "Chess.com INT"]
[Date "2023.12.19"]
[Round "11"]
[White "Borawski, Jakub"]
[Black "Reprintsev, Alexander"]
[Result "1-0"]
[WhiteElo "2222"]
[BlackElo "2239"]
[PlyCount "59"]
[EventDate "2023.12.19"]
[EventType "swiss (blitz)"]
[EventRounds "11"]
[EventCountry "USA"]
[SourceTitle "CBM 217 Extra"]
[Source "ChessBase"]
[SourceDate "2024.01.31"]
[SourceVersion "1"]
[SourceVersionDate "2024.01.31"]
[SourceQuality "1"]

1. f4 e5 2. fxe5 d6 3. exd6 Bxd6 4. Nf3 Nf6 5. d4 Nc6 6. Bg5 h6 7. Bxf6 Qxf6 8. e4 Bf4 9. Bb5 Bd7 10. Nc3 0-0-0 11. Nd5 Qd6 12. c4 g5 13. e5 Qg6 14. Bxc6 Bxc6 15. Ne7+ Kb8 16. Nxg6 fxg6 17. d5 g4 18. Nd4 Bd7 19. e6 Bc8 20. 0-0 Be5 21. Kh1 h5 22. Rf7 a6 23. Rc1 g5 24. b4 Bf4 25. Rc2 g3 26. hxg3 Bxg3 27. Qf3 h4 28. Nf5 Be5 29. Qe4 Ba1 30. Rf2 1-0

[Event "Titled Tuesday intern op 19th Dec Early"]
[Site "Chess.com INT"]
[Date "2023.12.19"]
[Round "8"]
[White "Borawski, Jakub"]
[Black "Rogov, Matfey"]
[Result "1-0"]
[WhiteElo "2222"]
[BlackElo "2213"]
[PlyCount "97"]
[EventDate "2023.12.19"]
[EventType "swiss (blitz)"]
[EventRounds "11"]
[EventCountry "USA"]
[SourceTitle "CBM 217 Extra"]
[Source "ChessBase"]
[SourceDate "2024.01.31"]
[SourceVersion "1"]
[SourceVersionDate "2024.01.31"]
[SourceQuality "1"]

1. f4 e5 2. fxe5 d6 3. exd6 Bxd6 4. Nf3 g5 5. g3 g4 6. Nh4 Ne7 7. d4 Ng6 8. Nxg6 hxg6 9. Qd3 Bf5 10. e4 Qe7 11. Bg2 Nc6 12. c3 0-0-0 13. Be3 Be6 14. Bf2 f5 15. Nd2 f4 16. gxf4 Bxf4 17. Bg3 Ne5 18. Qe2 Bxg3+ 19. hxg3 Nf3+ 20. Nxf3 gxf3 21. Qxf3 Qg5 22. Rxh8 Rxh8 23. Qf4 Qh5 24. Bf3 Qh2 25. 0-0-0 Bxa2 26. Rh1 Qxh1+ 27. Bxh1 Rxh1+ 28. Kd2 Bc4 29. Qf8+ Kd7 30. Qg7+ Kd8 31. Qf6+ Kd7 32. d5 Rh2+ 33. Ke3 c5 34. Qe6+ Kc7 35. Qxg6 Rxb2 36. Kf4 a5 37. d6+ Kc6 38. Ke5 Kb6 39. d7+ Kc7 40. Qe8 Rd2 41. Qc8+ Kb6 42. d8Q+ Rxd8 43. Qxd8+ Kb5 44. Qc7 b6 45. Qd7+ Ka6 46. Kd6 Bb3 47. Kc7 a4 48. Qc6 a3 49. Qxb6# 1-0

[Event "Titled Tuesday intern op 12th Dec Early"]
[Site "Chess.com INT"]
[Date "2023.12.12"]
[Round "8"]
[White "Borawski, Jakub"]
[Black "Gallegos, Carlos"]
[Result "1-0"]
[WhiteElo "2222"]
[BlackElo "2374"]
[PlyCount "127"]
[EventDate "2023.12.12"]
[EventType "swiss (blitz)"]
[EventRounds "11"]
[EventCountry "USA"]
[SourceTitle "CBM 217 Extra"]
[Source "ChessBase"]
[SourceDate "2024.01.31"]
[SourceVersion "1"]
[SourceVersionDate "2024.01.31"]
[SourceQuality "1"]

1. f4 c5 2. e3 Nc6 3. b3 d5 4. Bb2 a6 5. Nf3 Bg4 6. Be2 Bxf3 7. Bxf3 e6 8. 0-0 Nf6 9. d3 d4 10. exd4 cxd4 11. Nd2 Be7 12. Bxc6+ bxc6 13. Qf3 0-0 14. Nc4 c5 15. Rae1 Re8 16. a4 Qd5 17. Qd1 Rab8 18. h3 Bf8 19. Ba3 Qd8 20. Re5 Nd5 21. Qe1 Qd7 22. Re2 f6 23. Kh1 Bd6 24. Bc1 Bc7 25. Bd2 Re7 26. Qf2 Rbe8 27. Rfe1 Qd8 28. Qf3 Qd7 29. Qg4 g6 30. Qf3 Qd8 31. Re4 Qb8 32. Rf1 Kg7 33. Re2 Qa8 34. Rfe1 Kf7 35. Kg1 f5 36. Qf2 Nf6 37. Bc1 Qb8 38. Rf1 Qc8 39. Ba3 Bb8 40. Rfe1 Nd5 41. Bc1 Nc3 42. Rd2 Qc6 43. Bb2 e5 44. Bxc3 dxc3 45. Rde2 exf4 46. Rxe7+ Rxe7 47. Rxe7+ Kxe7 48. Qh4+ Ke8 49. Qxh7 Qe6 50. Qh8+ Kf7 51. Qxb8 f3 52. Qc7+ Kg8 53. Qb8+ Kh7 54. Qb7+ Kg8 55. Qxf3 Qe1+ 56. Qf1 Qe6 57. Qf2 g5 58. Qxc5 g4 59. Qe5 Qc6 60. hxg4 fxg4 61. Qg5+ Kf8 62. Qf4+ Ke8 63. Qe4+ Kd8 64. Qxc6 1-0

[Event "Titled Tuesday intern op 12th Dec Early"]
[Site "Chess.com INT"]
[Date "2023.12.12"]
[Round "4"]
[White "Borawski, Jakub"]
[Black "Mazurkiewicz, Michal"]
[Result "0-1"]
[WhiteElo "2222"]
[BlackElo "2145"]
[PlyCount "38"]
[EventDate "2023.12.12"]
[EventType "swiss (blitz)"]
[EventRounds "11"]
[EventCountry "USA"]
[SourceTitle "CBM 217 Extra"]
[Source "ChessBase"]
[SourceDate "2024.01.31"]
[SourceVersion "1"]
[SourceVersionDate "2024.01.31"]
[SourceQuality "1"]

1. e4 d6 2. d4 Nf6 3. Nc3 c6 4. f3 b5 5. Be3 e5 6. Qd2 Be7 7. h4 0-0 8. 0-0-0 b4 9. Nb1 a5 10. g4 Nbd7 11. h5 h6 12. Nh3 Nh7 13. Rg1 Ng5 14. Be2 Nxh3 15. Rg2 Nf4 16. Rh2 Bg5 17. dxe5 dxe5 18. Bc4 Ne6 19. Re2 Nd4 0-1

[Event "Titled Tuesday intern op 12th Dec Early"]
[Site "Chess.com INT"]
[Date "2023.12.12"]
[Round "7"]
[White "Gazineu Neto, Rubens"]
[Black "Borawski, Jakub"]
[Result "0-1"]
[WhiteElo "1912"]
[BlackElo "2222"]
[PlyCount "56"]
[EventDate "2023.12.12"]
[EventType "swiss (blitz)"]
[EventRounds "11"]
[EventCountry "USA"]
[SourceTitle "CBM 217 Extra"]
[Source "ChessBase"]
[SourceDate "2024.01.31"]
[SourceVersion "1"]
[SourceVersionDate "2024.01.31"]
[SourceQuality "1"]

1. e4 e5 2. Nf3 Nc6 3. Bb5 a6 4. Ba4 Nf6 5. 0-0 Be7 6. Re1 b5 7. Bb3 0-0 8. a4 b4 9. a5 d6 10. c3 Rb8 11. h3 Nd7 12. d4 Bf6 13. Be3 Re8 14. Nbd2 bxc3 15. bxc3 exd4 16. cxd4 Nb4 17. Bc4 c5 18. Qb3 Rf8 19. Ra4 Nc6 20. Qd3 cxd4 21. Nxd4 Nxa5 22. Bxa6 Nc5 23. Qc3 Nxa4 24. Qa3 Bxa6 25. Qxa4 Bxd4 26. Bxd4 Bb5 27. Qa1 f6 28. Nf3 Kh8 0-1

[Event "Titled Tuesday intern op 05th Dec Early"]
[Site "Chess.com INT"]
[Date "2023.12.05"]
[Round "4"]
[White "Principe, Gerson"]
[Black "Borawski, Jakub"]
[Result "0-1"]
[WhiteElo "2158"]
[BlackElo "2222"]
[PlyCount "94"]
[EventDate "2023.12.05"]
[EventType "swiss (blitz)"]
[EventRounds "11"]
[EventCountry "USA"]
[SourceTitle "EXT 2025"]
[Source "ChessBase"]
[SourceDate "2024.10.14"]
[SourceVersion "1"]
[SourceVersionDate "2024.10.14"]
[SourceQuality "1"]

1. d4 Nf6 2. Nf3 e6 3. c4 Bb4+ 4. Bd2 Qe7 5. Nc3 b6 6. g3 Bb7 7. Bg2 Bxc3 8. Bxc3 Ne4 9. Rc1 d6 10. 0-0 0-0 11. Qc2 Nxc3 12. Qxc3 Nd7 13. b4 c5 14. a3 Rac8 15. Rfd1 Nf6 16. e3 Rfd8 17. Qb2 h5 18. h4 Ng4 19. Qe2 Qf6 20. Ng5 Bxg2 21. Kxg2 e5 22. dxe5 dxe5 23. Rd5 cxb4 24. Rxd8+ Rxd8 25. axb4 Qc6+ 26. Qf3 Qxf3+ 27. Nxf3 e4 28. Nd4 Ne5 29. c5 Rc8 30. c6 Nd3 31. Rc4 a6 32. b5 Ne5 33. Rc2 axb5 34. c7 Nd3 35. Kf1 b4 36. Nb5 b3 37. Rc3 b2 38. Rb3 Kf8 39. Kg2 Ke7 40. f3 f5 41. fxe4 fxe4 42. Kg1 Kd7 43. Kg2 Ra8 44. g4 hxg4 45. Kg3 Kc8 46. Kxg4 Ra1 47. Rc3 Nc5 0-1

[Event "Titled Tuesday intern op 05th Dec Early"]
[Site "Chess.com INT"]
[Date "2023.12.05"]
[Round "7"]
[White "Yashmetov, Mikhail"]
[Black "Borawski, Jakub"]
[Result "1-0"]
[WhiteElo "2307"]
[BlackElo "2222"]
[PlyCount "35"]
[EventDate "2023.12.05"]
[EventType "swiss (blitz)"]
[EventRounds "11"]
[EventCountry "USA"]
[SourceTitle "EXT 2025"]
[Source "ChessBase"]
[SourceDate "2024.10.14"]
[SourceVersion "1"]
[SourceVersionDate "2024.10.14"]
[SourceQuality "1"]

1. g4 d5 2. Bg2 Bxg4 3. c4 c6 4. Qb3 Qb6 5. cxd5 Nf6 6. Nc3 cxd5 7. Nxd5 Nxd5 8. Bxd5 Nc6 9. Bxf7+ Kd8 10. Qd5+ Kc8 11. Be6+ Bxe6 12. Qxe6+ Kd8 13. Nf3 h6 14. d4 Rc8 15. 0-0 Qa5 16. d5 Nb4 17. Ne5 Nc2 18. Qd7# 1-0

[Event "Titled Tuesday intern op 11th Oct Late"]
[Site "Chess.com INT"]
[Date "2022.10.11"]
[Round "11"]
[White "Borawski, Jakub"]
[Black "Castella Garcia, Fausto"]
[Result "0-1"]
[WhiteElo "2222"]
[BlackElo "2334"]
[PlyCount "26"]
[EventDate "2022.10.11"]
[EventType "swiss (blitz)"]
[EventRounds "11"]
[EventCountry "USA"]
[SourceTitle "EXT 2024"]
[Source "ChessBase"]
[SourceDate "2023.10.10"]
[SourceVersion "1"]
[SourceVersionDate "2023.10.10"]
[SourceQuality "1"]

1. d4 Nf6 2. c4 e5 3. dxe5 Ng4 4. e3 Nxe5 5. Nh3 d5 6. cxd5 Bxh3 7. gxh3 Bb4+ 8. Bd2 Qxd5 9. Bxb4 Qxh1 10. Qb3 Nbc6 11. Bc5 0-0-0 12. Ba3 Nd3+ 13. Ke2 Nc1+ 0-1

[Event "Titled Tuesday intern op 11th Oct Late"]
[Site "Chess.com INT"]
[Date "2022.10.11"]
[Round "9"]
[White "Borawski, Jakub"]
[Black "Vivas Zamora, Fabian Ernesto"]
[Result "1-0"]
[WhiteElo "2222"]
[BlackElo "2336"]
[PlyCount "155"]
[EventDate "2022.10.11"]
[EventType "swiss (blitz)"]
[EventRounds "11"]
[EventCountry "USA"]
[SourceTitle "EXT 2024"]
[Source "ChessBase"]
[SourceDate "2023.10.10"]
[SourceVersion "1"]
[SourceVersionDate "2023.10.10"]
[SourceQuality "1"]

1. d4 Nf6 2. c4 g6 3. Nc3 d5 4. cxd5 Nxd5 5. Bd2 Bg7 6. e4 Nb6 7. Be3 0-0 8. h3 f5 9. exf5 Bxf5 10. Nf3 Nc6 11. Be2 Nb4 12. Qb3+ N4d5 13. a4 a5 14. 0-0 Kh8 15. Nb5 Nb4 16. Rac1 c6 17. Na3 Be6 18. Qxe6 N6d5 19. Ng5 Qe8 20. Nc4 Rf5 21. g4 Rf6 22. Qe4 Nc7 23. Bf4 Rxf4 24. Qxf4 Nbd5 25. Qe4 e6 26. Ne5 Qe7 27. Ngf3 Rf8 28. Nd3 Bh6 29. Rc5 Qd6 30. Qe5+ Qxe5 31. Nfxe5 Bg7 32. f4 Kg8 33. Kg2 Ne3+ 34. Kg1 Nxf1 35. Kxf1 Nd5 36. Kg2 Nxf4+ 37. Nxf4 Rxf4 38. Nf3 Re4 39. Kf2 Rf4 40. Ke3 Rf7 41. Rxa5 Rd7 42. Ne5 Rd8 43. Rc5 Bh6+ 44. Ke4 Bf8 45. Rc2 Kg7 46. Bc4 Kf6 47. Rf2+ Ke7 48. Rf7+ Kd6 49. Rxb7 c5 50. Rb6+ Kc7 51. Rc6+ Kb7 52. dxc5 Bg7 53. Rb6+ Kc7 54. b4 Rd1 55. Rc6+ Kb7 56. Rb6+ Kc7 57. Nd3 Re1+ 58. Kf3 Ra1 59. a5 Bc3 60. a6 Rf1+ 61. Ke2 Ra1 62. Rb7+ Kc8 63. Rxh7 Bxb4 64. a7 Bc3 65. Bxe6+ Kd8 66. Rf7 Ke8 67. Rb7 Ra2+ 68. Ke3 Bd2+ 69. Ke4 Bg5 70. Rb8+ Bd8 71. a8Q Ra4+ 72. Qxa4+ Ke7 73. Qd7+ Kf6 74. Qf7+ Kg5 75. Qf4+ Kh4 76. Rxd8 g5 77. Qf2+ Kxh3 78. Rh8# 1-0

[Event "POL-ch blitz"]
[Site "Suwalki"]
[Date "2022.09.24"]
[Round "4"]
[White "Pieczulis, Blazej"]
[Black "Borawski, Jakub"]
[Result "0-1"]
[WhiteElo "1693"]
[BlackElo "2222"]
[PlyCount "102"]
[EventDate "2022.09.24"]
[EventType "swiss (blitz)"]
[EventRounds "15"]
[EventCountry "POL"]
[SourceTitle "CBM 210 Extra"]
[Source "ChessBase"]
[SourceDate "2022.11.30"]
[SourceVersion "1"]
[SourceVersionDate "2022.11.30"]
[SourceQuality "1"]

1. d4 Nf6 2. c4 e6 3. Nc3 Bb4 4. Qc2 b6 5. f3 Bb7 6. e4 Bxc3+ 7. bxc3 d6 8. Bg5 h6 9. Bh4 Nbd7 10. 0-0-0 Qe7 11. Bd3 e5 12. d5 Nc5 13. Ne2 Qd7 14. Bf2 Nxd3+ 15. Rxd3 Ba6 16. Qb3 0-0 17. Rd2 Qe8 18. g4 Nd7 19. h4 Nc5 20. Qb4 Rb8 21. Rb2 Nd3+ 22. Kc2 Nxb4+ 23. cxb4 Bxc4 24. Nc3 c6 25. h5 cxd5 26. exd5 Rc8 27. Kd2 f5 28. g5 hxg5 29. h6 gxh6 30. Rxh6 Kg7 31. Rxd6 Rd8 32. Rxd8 Qxd8 33. Kc1 Qc7 34. Rc2 Qd6 35. a3 Rc8 36. Kb2 Rd8 37. Rd2 b5 38. Bg1 a5 39. Bc5 Qf6 40. bxa5 Kg6 41. Bb6 Rd7 42. Bc5 Qa6 43. Bb4 Qb7 44. d6 Qxf3 45. a4 e4 46. axb5 e3 47. Rc2 e2 48. Na2 Bxb5 49. a6 Bxa6 50. Rc7 Rxc7 51. dxc7 Qc6 0-1

[Event "Titled Tuesday intern op 13th Sep Early"]
[Site "Chess.com INT"]
[Date "2022.09.13"]
[Round "1"]
[White "Borawski, Jakub"]
[Black "Maltsevskaya, Aleksandra"]
[Result "0-1"]
[WhiteElo "2222"]
[BlackElo "2356"]
[PlyCount "100"]
[EventDate "2022.09.13"]
[EventType "swiss (blitz)"]
[EventRounds "11"]
[EventCountry "USA"]
[SourceTitle "EXT 2023"]
[Source "ChessBase"]
[SourceDate "2022.10.05"]
[SourceVersion "1"]
[SourceVersionDate "2022.10.05"]
[SourceQuality "1"]

1. e4 c5 2. Nf3 Nc6 3. d4 cxd4 4. Nxd4 Nf6 5. Nc3 e6 6. Ndb5 Bc5 7. Nd6+ Ke7 8. Nxc8+ Rxc8 9. Bg5 Qb6 10. Qd2 Qxb2 11. Rb1 Qa3 12. Rb3 Qa5 13. Rb5 Qa3 14. Rb3 Qa5 15. Rb5 Bb4 16. Rxa5 Bxa5 17. e5 d5 18. exd6+ Kd7 19. Bxf6 gxf6 20. Bb5 a6 21. Bxc6+ Rxc6 22. 0-0 Bxc3 23. Qd3 b5 24. a3 f5 25. Rb1 h6 26. g3 Rhc8 27. Qe3 Rxd6 28. Qxh6 Ke7 29. h4 Bd2 30. Qg7 Rxc2 31. h5 Bc3 32. Qg5+ Bf6 33. Qh6 Rdd2 34. Rf1 Bd4 35. Qg5+ Kd7 36. h6 Bxf2+ 37. Rxf2 Rxf2 38. h7 Rg2+ 39. Kf1 Rh2 40. Kg1 Rxh7 41. Qf6 Ke8 42. Qe5 Rhh2 43. Qb8+ Ke7 44. Qa7+ Kf6 45. Qd4+ e5 46. Qd6+ Kg5 47. Qxe5 Rhg2+ 48. Kf1 Rgf2+ 49. Kg1 Kg4 50. Qd4+ f4 0-1

[Event "Titled Tuesday intern op 06th Sep Early"]
[Site "Chess.com INT"]
[Date "2022.09.06"]
[Round "1"]
[White "Aizpurua, Patrick Emilio"]
[Black "Borawski, Jakub"]
[Result "1-0"]
[WhiteElo "2310"]
[BlackElo "2222"]
[PlyCount "143"]
[EventDate "2022.09.06"]
[EventType "swiss (blitz)"]
[EventRounds "11"]
[EventCountry "USA"]
[SourceTitle "EXT 2023"]
[Source "ChessBase"]
[SourceDate "2022.10.05"]
[SourceVersion "1"]
[SourceVersionDate "2022.10.05"]
[SourceQuality "1"]

1. d4 Nf6 2. Nf3 e6 3. c4 Bb4+ 4. Bd2 Qe7 5. g3 Nc6 6. Bg2 Bxd2+ 7. Nbxd2 d6 8. a3 a5 9. Rb1 a4 10. Rc1 0-0 11. 0-0 e5 12. e3 Bd7 13. h3 Na5 14. Qc2 Rfe8 15. Rfe1 g6 16. Kh2 Bc6 17. e4 h5 18. d5 Bd7 19. c5 Kg7 20. cxd6 cxd6 21. Qd3 Rec8 22. Bf1 Qd8 23. Qe3 b6 24. Rc3 Rc5 25. Rec1 Rac8 26. Ba6 R8c7 27. Bf1 Qc8 28. Rxc5 Rxc5 29. Rxc5 Qxc5 30. Qxc5 bxc5 31. Bd3 Ne8 32. Nb1 Nc7 33. Nc3 f5 34. Nd2 Kf6 35. Bc2 Nb3 36. Nxb3 axb3 37. Bxb3 fxe4 38. Nxe4+ Ke7 39. f3 Bb5 40. Nc3 Bd3 41. Kg2 Kf6 42. Kf2 Bf5 43. g4 hxg4 44. fxg4 Bd3 45. h4 Kg7 46. Kg3 Kf6 47. Bd1 Bc4 48. Bf3 Kg7 49. g5 Kf7 50. Be4 Kg7 51. a4 Na6 52. a5 Nb4 53. Kf2 Kf7 54. Ke3 Kg7 55. Kd2 Kf7 56. Kc1 Bf1 57. Kd2 Bc4 58. Ke3 Kg7 59. Kf3 Kf7 60. Kg4 Kg7 61. h5 gxh5+ 62. Kxh5 Kg8 63. Kg6 Bd3 64. Kf6 Bxe4 65. Nxe4 Nxd5+ 66. Ke6 Nb4 67. Kxd6 c4 68. Kc5 Nd3+ 69. Kxc4 Nxb2+ 70. Kb5 Nd1 71. a6 Ne3 72. Kc5 1-0

[Event "Titled Tuesday intern op 06th Sep Early"]
[Site "Chess.com INT"]
[Date "2022.09.06"]
[Round "3"]
[White "Borawski, Jakub"]
[Black "Golubev, Mikhail"]
[Result "1/2-1/2"]
[WhiteElo "2222"]
[BlackElo "2461"]
[PlyCount "135"]
[EventDate "2022.09.06"]
[EventType "swiss (blitz)"]
[EventRounds "11"]
[EventCountry "USA"]
[SourceTitle "EXT 2023"]
[Source "ChessBase"]
[SourceDate "2022.10.05"]
[SourceVersion "1"]
[SourceVersionDate "2022.10.05"]
[SourceQuality "1"]

1. e4 c5 2. Nf3 d6 3. d4 Nf6 4. Nc3 cxd4 5. Nxd4 Nc6 6. g3 g6 7. Bg2 Nxd4 8. Qxd4 Bg7 9. 0-0 0-0 10. Qd3 Be6 11. a4 Rc8 12. Nd5 Nxd5 13. exd5 Bf5 14. Be4 Bxe4 15. Qxe4 Re8 16. c3 Qb6 17. Qe2 a6 18. Be3 Qb3 19. Rfd1 b5 20. axb5 axb5 21. Bd4 b4 22. Bxg7 Kxg7 23. cxb4 Rc2 24. Qd3 Qxd3 25. Rxd3 Rxb2 26. Rd4 Rb8 27. Re1 R8xb4 28. Rxb4 Rxb4 29. Rxe7 Rb1+ 30. Kg2 Rd1 31. Kf3 Rxd5 32. h4 Rf5+ 33. Kg2 h5 34. Rd7 d5 35. f3 Kf6 36. g4 hxg4 37. fxg4 Re5 38. Kf3 Ke6 39. Rd8 Ke7 40. Ra8 Re1 41. h5 gxh5 42. gxh5 Rh1 43. Kg4 d4 44. Ra4 Rd1 45. Kf5 Rh1 46. Rxd4 Rxh5+ 47. Kg4 Re5 48. Kf3 Kf6 49. Ra4 Kg6 50. Kf4 f6 51. Rb4 Rf5+ 52. Kg4 Rg5+ 53. Kf4 Rh5 54. Kg4 f5+ 55. Kg3 Kg5 56. Ra4 Rh8 57. Kf3 Rc8 58. Kf2 Rc3 59. Rd4 Rb3 60. Ra4 Rc3 61. Rb4 Ra3 62. Rc4 f4 63. Rc8 Kg4 64. Rg8+ Kf5 65. Rf8+ Kg4 66. Rg8+ Kf5 67. Rf8+ Kg4 68. Rg8+ 1/2-1/2

[Event "Titled Tuesday intern op 06th Sep Early"]
[Site "Chess.com INT"]
[Date "2022.09.06"]
[Round "10"]
[White "Borawski, Jakub"]
[Black "Martin Duque, Jesus"]
[Result "1-0"]
[WhiteElo "2222"]
[BlackElo "2378"]
[PlyCount "31"]
[EventDate "2022.09.06"]
[EventType "swiss (blitz)"]
[EventRounds "11"]
[EventCountry "USA"]
[SourceTitle "EXT 2023"]
[Source "ChessBase"]
[SourceDate "2022.10.05"]
[SourceVersion "1"]
[SourceVersionDate "2022.10.05"]
[SourceQuality "1"]

1. e4 c5 2. Nf3 b6 3. d4 cxd4 4. Nxd4 Bb7 5. Nc3 a6 6. Be2 e6 7. 0-0 Qc7 8. Kh1 Nf6 9. f4 Nxe4 10. Nxe4 Bxe4 11. Bf3 Bxf3 12. Qxf3 Nc6 13. f5 Rc8 14. fxe6 Nxd4 15. Qxf7+ Kd8 16. Bg5+ 1-0

[Event "Titled Tuesday intern op 06th Sep Early"]
[Site "Chess.com INT"]
[Date "2022.09.06"]
[Round "7"]
[White "Pacheco Lugo, Alejandro Jose"]
[Black "Borawski, Jakub"]
[Result "0-1"]
[WhiteElo "2127"]
[BlackElo "2222"]
[PlyCount "46"]
[EventDate "2022.09.06"]
[EventType "swiss (blitz)"]
[EventRounds "11"]
[EventCountry "USA"]
[SourceTitle "EXT 2023"]
[Source "ChessBase"]
[SourceDate "2022.10.05"]
[SourceVersion "1"]
[SourceVersionDate "2022.10.05"]
[SourceQuality "1"]

1. e4 e5 2. Nf3 Nc6 3. Bc4 Bc5 4. c3 Nf6 5. d4 exd4 6. e5 d5 7. Bb5 Ne4 8. cxd4 Bb6 9. Nc3 0-0 10. Be3 f5 11. Qc2 f4 12. Bxc6 bxc6 13. Bc1 Bf5 14. Nxe4 dxe4 15. Qc4+ Kh8 16. Nd2 Qg5 17. g3 e3 18. fxe3 fxg3 19. hxg3 Qxe3+ 20. Kd1 Rad8 21. Re1 Qxg3 22. Nb3 Bg4+ 23. Kd2 Rf2+ 0-1

[Event "Titled Tuesday intern op 06th Sep Early"]
[Site "Chess.com INT"]
[Date "2022.09.06"]
[Round "2"]
[White "Selbes, Tarik"]
[Black "Borawski, Jakub"]
[Result "0-1"]
[WhiteElo "2270"]
[BlackElo "2222"]
[PlyCount "86"]
[EventDate "2022.09.06"]
[EventType "swiss (blitz)"]
[EventRounds "11"]
[EventCountry "USA"]
[SourceTitle "EXT 2023"]
[Source "ChessBase"]
[SourceDate "2022.10.05"]
[SourceVersion "1"]
[SourceVersionDate "2022.10.05"]
[SourceQuality "1"]

1. Nf3 d5 2. d4 Nf6 3. g3 b5 4. Bg2 e6 5. 0-0 Bb7 6. a4 b4 7. a5 c5 8. dxc5 Bxc5 9. Nbd2 0-0 10. Nb3 Be7 11. Nbd4 Na6 12. Ne5 Rc8 13. Nd3 Nd7 14. Bd2 Re8 15. c3 bxc3 16. Bxc3 Nac5 17. Nxc5 Nxc5 18. e3 Ba6 19. b4 Bxf1 20. Qxf1 Nb3 21. Nxb3 Rxc3 22. Nd4 Bxb4 23. Qb5 Qb8 24. Qa4 Rec8 25. Bf1 Rc1 26. Rxc1 Rxc1 27. Nc6 Rxc6 28. Qxc6 Bxa5 29. h4 g6 30. h5 Bb4 31. hxg6 hxg6 32. Bh3 Qb6 33. Qe8+ Kg7 34. Qd7 a5 35. Kg2 Bc5 36. g4 Qb2 37. Kg3 Qe5+ 38. Kg2 Qe4+ 39. Kg3 a4 40. Bg2 Qe5+ 41. Kh3 a3 42. Qa4 Qb2 43. Kg3 a2 0-1

[Event "Titled Tuesday intern op 19th Jul Early"]
[Site "Chess.com INT"]
[Date "2022.07.19"]
[Round "3"]
[White "Begunov, Konstantin"]
[Black "Borawski, Jakub"]
[Result "0-1"]
[WhiteElo "2325"]
[BlackElo "2222"]
[PlyCount "72"]
[EventDate "2022.07.19"]
[EventType "swiss (blitz)"]
[EventRounds "11"]
[EventCountry "USA"]
[SourceTitle "EXT 2023"]
[Source "ChessBase"]
[SourceDate "2022.10.05"]
[SourceVersion "1"]
[SourceVersionDate "2022.10.05"]
[SourceQuality "1"]

1. d4 Nf6 2. c4 e6 3. Nf3 Bb4+ 4. Nbd2 b6 5. a3 Bxd2+ 6. Bxd2 Bb7 7. Bg5 h6 8. Bh4 d6 9. e3 Nbd7 10. Be2 g5 11. Bg3 Ne4 12. 0-0 f5 13. Nd2 Ndf6 14. Bh5+ Kd7 15. Nxe4 Nxe4 16. Bf3 Qf6 17. Bxe4 Bxe4 18. f3 Bb7 19. e4 f4 20. Bf2 h5 21. e5 Qf5 22. d5 exd5 23. exd6 cxd6 24. cxd5 Qxd5 25. Qa4+ Bc6 26. Qa6 Bb5 27. Rad1 Qc6 28. Rc1 Bxa6 29. Rxc6 Bxf1 30. Rc1 Bb5 31. Bd4 Rhe8 32. Rd1 Re2 33. Bc3 Rae8 34. h4 gxh4 35. Rd4 Rg8 36. Rxf4 Rgxg2+ 0-1

[Event "Titled Tuesday intern op 19th Jul Early"]
[Site "Chess.com INT"]
[Date "2022.07.19"]
[Round "10"]
[White "Crispin Ferreras, Darvi Abraham"]
[Black "Borawski, Jakub"]
[Result "0-1"]
[WhiteElo "2154"]
[BlackElo "2222"]
[PlyCount "43"]
[EventDate "2022.07.19"]
[EventType "swiss (blitz)"]
[EventRounds "11"]
[EventCountry "USA"]
[SourceTitle "EXT 2023"]
[Source "ChessBase"]
[SourceDate "2022.10.05"]
[SourceVersion "1"]
[SourceVersionDate "2022.10.05"]
[SourceQuality "1"]

1. e4 e5 2. f4 exf4 3. Nf3 Nf6 4. e5 Nh5 5. d4 d5 6. exd6 Bxd6 7. Be2 0-0 8. 0-0 Bg4 9. Nc3 Nc6 10. Ne4 Re8 11. Nxd6 Qxd6 12. c3 Nf6 13. h3 Bh5 14. Bd3 Ne4 15. Qc2 Ng3 16. Bxh7+ Kh8 17. Bxf4 Qxf4 18. Ne5 Nxf1 19. Rxf1 Qe3+ 20. Kh2 Nxe5 21. dxe5 Qxe5+ 22. Kh1 0-1

[Event "Titled Tuesday intern op 24th May Early"]
[Site "Chess.com INT"]
[Date "2022.05.24"]
[Round "11"]
[White "Papasimakopoulos, Alexandros"]
[Black "Borawski, Jakub"]
[Result "1-0"]
[WhiteElo "2259"]
[BlackElo "2222"]
[PlyCount "85"]
[EventDate "2022.05.24"]
[EventType "swiss (blitz)"]
[EventRounds "11"]
[EventCountry "USA"]
[SourceTitle "EXT 2023"]
[Source "ChessBase"]
[SourceDate "2022.10.05"]
[SourceVersion "1"]
[SourceVersionDate "2022.10.05"]
[SourceQuality "1"]

1. d4 Nf6 2. c4 e6 3. Nc3 Bb4 4. Qc2 b6 5. a3 Bxc3+ 6. Qxc3 Bb7 7. f3 d6 8. e4 Nbd7 9. Be3 c5 10. d5 0-0 11. Bd3 exd5 12. cxd5 a6 13. a4 Re8 14. Qd2 Ne5 15. Ne2 Nxd3+ 16. Qxd3 b5 17. 0-0 b4 18. a5 Qe7 19. Ng3 Nxd5 20. Nf5 Qe5 21. exd5 c4 22. Qd2 Qxf5 23. Bf2 b3 24. Rfd1 Re5 25. Qb4 Bxd5 26. Qxd6 Qe6 27. Bc5 h5 28. Bb4 Re8 29. Qxe6 Bxe6 30. Rd6 Bc8 31. Rad1 h4 32. h3 Re2 33. Bc3 f6 34. Rd8 Kf7 35. Rxe8 Kxe8 36. Rd4 Rc2 37. Rxc4 Kd7 38. Rxh4 Bb7 39. Rd4+ Ke6 40. Rb4 Bd5 41. Rb6+ Kf5 42. Rxa6 Kf4 43. Ra7 1-0